Загрузка...
Fiscal federalism /
| Главный автор: | |
|---|---|
| Формат: | Printed Book |
| Язык: | English |
| Опубликовано: |
New York:
H. B. J,
1972.
|
| Предметы: |
| LEADER | 00498 a2200133 4500 | ||
|---|---|---|---|
| 008 | 100208b ||||| |||| 00| 0 eng d | ||
| 082 | |a 336.73 | ||
| 100 | |a Oates, Wallace E. | ||
| 245 | |a Fiscal federalism / | ||
| 260 | |b H. B. J, |a New York: |c 1972. | ||
| 650 | |a Finance, Public | ||
| 942 | |c PD | ||
| 999 | |c 309740 |d 309740 | ||
| 952 | |0 0 |1 0 |2 ddc |4 0 |6 336_730000000000000_GAT_F |7 0 |9 355836 |a ECN |b ECN |c ST1 |d 2010-09-07 |e Touring Bookstall, Calicut |g 0.00 |i 342 |l 2 |m 2 |o 336.73 GAT/F |p ECN342 |r 2021-02-06 |s 2019-02-13 |w 2010-09-07 |y BK | ||